<?xml version="1.0" encoding="UTF-8"?>
<collection xmlns="http://www.loc.gov/MARC21/slim">
 <record>
  <leader>01872pam a22002778a 4500</leader>
  <controlfield tag="001">00030486</controlfield>
  <controlfield tag="005">20171026081025.0</controlfield>
  <controlfield tag="008">130401s2006                  ||||||engsd</controlfield>
  <datafield tag="020" ind1="#" ind2="#">
   <subfield code="a">978052101337-6</subfield>
  </datafield>
  <datafield tag="041" ind1="0" ind2="#">
   <subfield code="a">eng</subfield>
  </datafield>
  <datafield tag="082" ind1="1" ind2="4">
   <subfield code="a">428</subfield>
   <subfield code="b">C104I</subfield>
  </datafield>
  <datafield tag="110" ind1="1" ind2="#">
   <subfield code="a">University of Cambridge</subfield>
  </datafield>
  <datafield tag="245" ind1="1" ind2="0">
   <subfield code="a">Cambridge IELTS 3 with answers editions</subfield>
   <subfield code="b">Official examination papers from University of Cambridge ESOL examinations</subfield>
  </datafield>
  <datafield tag="260" ind1="#" ind2="#">
   <subfield code="a">New York</subfield>
   <subfield code="b">Cambridge university Press</subfield>
   <subfield code="c">2006</subfield>
  </datafield>
  <datafield tag="300" ind1="#" ind2="#">
   <subfield code="a">iv, 172 p.</subfield>
   <subfield code="b">ill.</subfield>
   <subfield code="c">25 cm.</subfield>
   <subfield code="e">2 CD</subfield>
  </datafield>
  <datafield tag="653" ind1="#" ind2="#">
   <subfield code="a">Cambridge</subfield>
  </datafield>
  <datafield tag="653" ind1="#" ind2="#">
   <subfield code="a">IELTS</subfield>
  </datafield>
  <datafield tag="653" ind1="#" ind2="#">
   <subfield code="a">Tiếng Anh</subfield>
  </datafield>
  <datafield tag="653" ind1="#" ind2="#">
   <subfield code="a">Luyện thi</subfield>
  </datafield>
  <datafield tag="852" ind1="#" ind2="#">
   <subfield code="b">Kho giáo trình</subfield>
   <subfield code="j">KGT.0035988, KGT.0035989, KGT.0035990, KGT.0035991, KGT.0035992, KGT.0035993, KGT.0035994, KGT.0035995, KGT.0035996, KGT.0035997, KGT.0035998, KGT.0035999, KGT.0036000, KGT.0036001, KGT.0036002, KGT.0036003, KGT.0036004, KGT.0036005, KGT.0036006, KGT.0036007, KGT.0036008, KGT.0036009, KGT.0036010, KGT.0036011, KGT.0036012, KGT.0036013, KGT.0036014, KGT.0036015, KGT.0036016, KGT.0036017, KGT.0036018, KGT.0036019, KGT.0036020, KGT.0036021, KGT.0036022, KGT.0036023, KGT.0036024, KGT.0036025</subfield>
  </datafield>
  <datafield tag="852" ind1="#" ind2="#">
   <subfield code="b">Kho mượn</subfield>
   <subfield code="j">KGT.0036025</subfield>
  </datafield>
  <datafield tag="852" ind1="#" ind2="#">
   <subfield code="b">Kho đọc</subfield>
   <subfield code="j">KD.0014486</subfield>
  </datafield>
  <datafield tag="852" ind1="#" ind2="#">
   <subfield code="j">KGT.0036025</subfield>
   <subfield code="j">KGT.0035989</subfield>
   <subfield code="j">KGT.0035990</subfield>
   <subfield code="j">KGT.0035992</subfield>
   <subfield code="j">KGT.0035996</subfield>
   <subfield code="j">KGT.0035997</subfield>
   <subfield code="j">KGT.0036008</subfield>
   <subfield code="j">KGT.0036010</subfield>
   <subfield code="j">KGT.0036011</subfield>
   <subfield code="j">KGT.0036015</subfield>
   <subfield code="j">KGT.0036016</subfield>
   <subfield code="j">KGT.0036018</subfield>
   <subfield code="j">KGT.0036019</subfield>
   <subfield code="j">KGT.0036021</subfield>
   <subfield code="j">KGT.0035999</subfield>
   <subfield code="j">KGT.0036000</subfield>
   <subfield code="j">KGT.0036002</subfield>
   <subfield code="j">KGT.0036003</subfield>
   <subfield code="j">KGT.0036007</subfield>
   <subfield code="j">KGT.0035994</subfield>
   <subfield code="j">KGT.0036004</subfield>
   <subfield code="j">KGT.0036005</subfield>
   <subfield code="j">KGT.0036013</subfield>
   <subfield code="j">KGT.0036022</subfield>
   <subfield code="j">KGT.0036023</subfield>
   <subfield code="j">KD.0014486</subfield>
   <subfield code="j">KGT.0036017</subfield>
   <subfield code="j">KGT.0035988</subfield>
   <subfield code="j">KGT.0035991</subfield>
   <subfield code="j">KGT.0035993</subfield>
   <subfield code="j">KGT.0035995</subfield>
   <subfield code="j">KGT.0035998</subfield>
   <subfield code="j">KGT.0036001</subfield>
   <subfield code="j">KGT.0036006</subfield>
   <subfield code="j">KGT.0036009</subfield>
   <subfield code="j">KGT.0036012</subfield>
   <subfield code="j">KGT.0036014</subfield>
   <subfield code="j">KGT.0036020</subfield>
   <subfield code="j">KGT.0036024</subfield>
  </datafield>
  <datafield tag="910" ind1=" " ind2=" ">
   <subfield code="d">01/04/2013</subfield>
  </datafield>
  <datafield tag="980" ind1="#" ind2="#">
   <subfield code="a">Trung tâm Học liệu Lê Vũ Hùng, Trường Đại học Đồng Tháp</subfield>
  </datafield>
 </record>
</collection>
